| 000 | 00663nam a22002417 4500 | ||
|---|---|---|---|
| 001 | 74591 | ||
| 003 | BD-RjUL | ||
| 005 | 20211209082556.0 | ||
| 008 | 181105s1975 u a|||| b||| 001 0 eng d | ||
| 020 | _a0122627016 | ||
| 035 | _a(BD-RjUL)74809 | ||
| 040 |
_aBD-RjUL _beng _cBD-RjUL |
||
| 041 | _aeng | ||
| 082 |
_223 _a541.22 _bMOL 1975 |
||
| 245 |
_aMolecular Association / _bEdited by R. Foster |
||
| 260 | 0 | 0 |
_aLondon : _bAcademic press , _c1975 |
| 300 |
_aV. : _bill ; _c23 cm |
||
| 504 | _aIncludes bibliographical References and Index | ||
| 520 | _aVol. 1.-- | ||
| 650 |
_aMolecular Stucture _9224697 |
||
| 700 |
_aFoster, R. _9224698 |
||
| 942 |
_2ddc _cBK |
||
| 999 |
_c74591 _d74591 |
||